Catálogo
 En Linea

Discurso narrativo de la conquista de América : (Registro nro. 2984)

Detalles MARC
000 -CABECERA
campo de control de longitud fija 00770cam a2200217 a 4500
001 - NÚMERO DE CONTROL
campo de control 000003153
005 - FECHA Y HORA DE LA ÚLTIMA TRANSACCIÓN
campo de control 20260521134322.0
008 - DATOS DE LONGITUD FIJA--INFORMACIÓN GENERAL
campo de control de longitud fija 841228s1983 cu b 001 e spa
010 ## - NÚMERO DE CONTROL DE LA BIBLIOTECA DEL CONGRESO
Número de control de LC 84256030
040 ## - FUENTE DE LA CATALOGACIÓN
Centro catalogador/agencia de origen DO-SdBNP
Centro/agencia transcriptor DLC
Centro/agencia modificador DLC
082 ## - NÚMERO DE LA CLASIFICACIÓN DECIMAL DEWEY
Número de clasificación 980.2
Número de documento/Ítem P293d
100 1# - ENTRADA PRINCIPAL--NOMBRE DE PERSONA
Nombre de persona Pastor Bodmer, Beatriz.
Fechas asociadas al nombre 1948-
9 (RLIN) 9950
245 10 - MENCIÓN DE TÍTULO
Título Discurso narrativo de la conquista de América :
Resto del título ensayo /
Mención de responsabilidad, etc. Beatriz Pastor ; edición de Reinaldo Castillo.
260 ## - PUBLICACIÓN, DISTRIBUCIÓN, ETC.
Lugar de publicación, distribución, etc. La Habana :
Nombre del editor, distribuidor, etc. Casa de las Américas,
Fecha de publicación, distribución, etc. 1983.
300 ## - DESCRIPCIÓN FÍSICA
Extensión 570, [3] p. ;
Dimensiones 19 cm.
504 ## - NOTA DE BIBLIOGRAFÍA, ETC.
Nota de bibliografía, etc. Incluye referencias bibliográficas
650 #4 - PUNTO DE ACCESO ADICIONAL DE MATERIA--TÉRMINO DE MATERIA
Término de materia o nombre geográfico como elemento de entrada América latina
Subdivisión general Historia
-- Ensayos, conferencias, etc.,
9 (RLIN) 9951
650 #0 - PUNTO DE ACCESO ADICIONAL DE MATERIA--TÉRMINO DE MATERIA
Término de materia o nombre geográfico como elemento de entrada Ensayos
9 (RLIN) 8059
700 1# - PUNTO DE ACCESO ADICIONAL--NOMBRE DE PERSONA
Nombre de persona Reinaldo Castillo
Término indicativo de función/relación ed.
9 (RLIN) 9952
910 ## - DATOS DE OPCIÓN DEL USUARIO (OCLC)
Datos de opción del usuario Catalogación por copia / LC
Existencias
Estado de retiro Estado de pérdida Restricciones de uso No para préstamo Código de colección Localización permanente Ubicación/localización actual Ubicación en estantería Fecha de adquisición Número de inventario Total de préstamos Signatura topográfica completa Código de barras Fecha visto por última vez Precio válido a partir de Tipo de ítem Koha
    Préstamo interno   Monografías: Libros y Folletos General General En catalogación 06.07.2009 LF1   980.2 P293d 3153-10 25.06.2020 25.06.2020 Préstamo interno

Con tecnología Koha